Knicks Vs Nets Jersey Numbers - Statistics

General Stats
  • This quiz has been taken 24 times
  • The average score is 5 of 10
Answers on the Map
Answers color-coded by a green-red scale on the quiz's map according to % correct below.
 
Answer Stats
Answer % Correct
Derrick Rose
80%
Immanuel Quickley
60%
Julius Randle
60%
Kyrie Irving
53%
Joe Harris
47%
LaMarcus Aldridge
47%
Nicolas Claxton
47%
Quentin Grimes
40%
James Harden
33%
Kevin Knox II
33%
No matching quizzes found
Score Distribution
Percent of People with Each Score
Percentile by Number Answered
Your Score History
You have not taken this quiz